00600nam a22001932 4500001001100000005001700011008004100028020001700069040001500086100003300101245009100134250001300225260002600238300001700264650006200281650005700343852000300400852000300403000002406120151217152256.0130509s xx 000 0 eng d a0262522540 : aKABUcKABU1 aBarro, Robert J.@000017041010aDeterminants of economic growth :ba cross-country empirical study /cRobert J. Barro. a1st ed. aLondon :bMIT,c1997. axii, 145 p. 0aEconomic developmentxCross-cultural studies.@0000183980 0aEconomic policyxCross-cultural studies.@00001839811 1